| 000 | 01049nam a22003137a 4500 | ||
|---|---|---|---|
| 001 | 5276 | ||
| 003 | FISKH | ||
| 005 | 20241122122830.0 | ||
| 008 | 241122b cb ||||| |||| 00| 0 eng d | ||
| 020 | _a0590134701 | ||
| 040 |
_aFISKH _beng _cFISKH _dFISKH |
||
| 050 | _aPS3557.E485 | ||
| 082 | _a998 | ||
| 100 | _aGeorge, Jean Craighead | ||
| 245 |
_aJulie of the Wolves : _bWinner of the Newberry Medal / _cby Jean Craighead George |
||
| 260 |
_aNew York : _bScholastic ; _c1972. |
||
| 300 |
_a170 pages : _billustrations ; _c18 cm . |
||
| 490 |
_a Julie of the Wolves _vBook 1 |
||
| 505 | _aU | ||
| 520 | _aWhile running away from home and an unwanted marriage, a thirteen-year-old Eskimo girl becomes lost on the North Slope of Alaska and is befriended by a wolf pack. | ||
| 521 | 8 |
_a860
_bLexile |
|
| 521 | 8 |
_aU
_bRaz-Plus |
|
| 650 |
_aNewbery Medal _vfiction |
||
| 650 |
_asurvival _vfiction |
||
| 650 |
_ayoung adult _vfiction |
||
| 700 |
_aSchoenherr, John _eillustrator |
||
| 942 |
_2ddc _cBK _n0 |
||
| 999 |
_c5276 _d5276 |
||